Historia argentina /
Guardado en:
| Autor Principal: | |
|---|---|
| Formato: | Libro |
| Idioma: | Spanish |
| Publicado: |
Buenos Aires :
Oriente,
1973.
|
| Etiquetas: |
Agregar Etiqueta
Sin Etiquetas, Sea el primero en etiquetar este registro!
|
| LEADER | 00509nam a22001575a 4500 | ||
|---|---|---|---|
| 001 | EUN.um049921 | ||
| 003 | AR-BaUNS | ||
| 005 | 20050623122917.0 | ||
| 008 | 041125s1973####ag#a##########000#0#spa#d | ||
| 245 | 1 | 0 | |a Historia argentina / |c José M. Rosa. |
| 260 | |a Buenos Aires : |b Oriente, |c 1973. | ||
| 300 | |a 8 v. : |b ilus. ; |c 21,5 cm. | ||
| 100 | 1 | |a Rosa, José M. | |
| 082 | 0 | 4 | |a 982 |
| 859 | |a Ar-BaUNS |b BIB. CENTRAL - Sector A |h 982 |i R711 |p 68066/974 |v v.3 | ||
| 859 | |a Ar-BaUNS |b BIB. CENTRAL - Sector A |h 982 |i R711 |p 68074/974 |t Ej. 2 |v v.3 | ||
